00404 2200157 4500001002100000008004100021035002000062245004200082100002000124260002500144300002200169020002200191084001300213082000800226990001200234INLIS000000000002835 IND  a0010-0925000182 aIbu, Doa Yang HilangcBagas D. Bawono aBagas D. Bawono aJakartabZettuc2015 a260c(13 x 19 cm) a978-602-1298-62-4 a813 D. i a813 a0755057